000 00460nam a2200157Ia 4500
005 20250508160038.0
008 008 250505s9999 xx 000 0 eng d
037 _aBooks to be hide in OPAC
040 _aFEDL
_beng
_cFEDL
041 _aeng
_2eng
084 _a001, BRI
_qFEDL
245 0 _aGeneralized factor analysis. Part 2
260 _aWashington, USA
_bUniversity of Washington
_c1969
942 _cHB
_h001, BRI
999 _c1361383
_d1361383